Entry Konu Terimi
001 - KONTROL NUMARASI
- Kontrol alanı: 20132
003 - KONTROL NUMARASI KİMLİĞİ
- Kontrol alanı: TR-BiSEU
005 - SON İŞLEM TARİHİ VE ZAMANI
- Kontrol alanı: 20260207001622.0
008 - SABİT UZUNLUKTAKİ VERİ ÖGELERİ - GENEL BİLGİ
- Sabit uzunlukta kontrol alanı: 260207|| aca||aabn | a|a d
040 ## - KATALOGLAMA KAYNAĞI
- Özgün kataloglama kurumu: TR-BiSEU
- Çeviri kurumu: TR-BiSEU
150 ## - KONU BAŞLIKLARI - KONU TERİMİ
- Konu terimi: Balıkçılık--Avrupa Birliği ülkeleri
670 ## - BİLGİNİN KAYNAĞI
- Bilginin alındığı kaynak: KOHA: (TR-BiSEU)8089: Atay, Ahmet. 20128, Avrupa tarımsal yönlendirme ve garanti fonu ve balıkçılığın yönlendirilmesi mali aracının hedef, kapsam ve yöntemlerinin İrlanda örneği çerçevesinde incelenmesi/
